000 00506nam a22001697a 4500
003 SGT
020 _a9783540512424
082 _a616.842
_bR90D
100 _aDAVIES, PATRICIA
245 _aRAGHT IN THE MIDDLE: SLECTIVE TRUNK ACTIVITY INTHE TREATMENT OF ADULT HEMIPLEGIA
250 _a1ST
260 _aNEW YORK
_bSPRINGER VERLAG PUB
_c1990
300 _a277
650 _aPHYSIOTHEARAPY
653 _aRAGHT IN THE MIDDLE: SLECTIVE TRUNK ACTIVITY INTHE TREATMENT OF ADULT HEMIPLEGIA
942 _2ddc
_cBK
999 _c23556
_d23556